Tilastot visalle Kroatia-visa

Klikkaa tästä pelataksesi tätä visaa!

Yleistilastot

  • Tätä visaa on pelattu 292 kertaa
  • Keskiarvotulos 10 / 20

Vastaustilastot

VihjeVastaus% Oikein
PääkaupunkiZagreb
96%
Valtio, jonka kanssa Kroatialla on pisin rajaBosnia ja Hertsegovina
92%
Valtio, jonka osa Kroatia oli 1918–1991Jugoslavia
90%
Valtio, jonka kanssa Kroatialla on lyhin rajaMontenegro
85%
Meri, jonka rannalla Kroatia sijaitseeAdrianmeri
72%
Toiseksi suurin kaupunkiSplit
65%
Vuoristo KroatiassaDinaariset {Alpit}
60%
Valtio, jonka osana Kroatia oli ennen vuotta 1918Itävalta-Unkari
59%
Kroatian eteläkärjessä sijaitseva kaupunki, joka on
maailmanperintökohde ja suosittu lomakohde
Dubrovnik
53%
Vuonna 2018 Kultaisen pallon voittanut jalkapalloilijaLuka Modrić
48%
Kroatia kroatiaksiHrvatska
45%
Kroatian eteläosan kattava historiallinen alueDalmatia
39%
Kroatian valuutta vuosina 1994–2022Kuna
37%
Kaupunki, joka hallitsi suurta osaa
Kroatian rannikkoalueista keskiajalla
Venetsia
34%
Kaksi suurinta saartaKrk
25%
Neljä olympiakultaa saavuttanut alppihiihtäjäJanica Kostelić
23%
Kolmanneksi suurin kaupunkiRijeka
22%
Niemimaa Kroatian luoteisosassaIstria
21%
Kaksi suurinta saartaCres
16%
Kroatian itäosissa oleva suuri alueSlavonia
16%

Tulosjakauma

Persentiili vastausten määrän mukaan

Jokaisen tuloksen saaneiden osuus

Tuloshistoriasi

Et ole pelannut tätä visaa